000 00680cam a2200241 4500
008 090401t1993 xxu||||| |||| 00| 0 eng d
020 _a0750613041
035 _a(Sirsi) u10834
041 _aeng
050 _a712
100 _aLittlewood, Michael
245 _aLandscape detailing. Volume 1: Enclosure.
250 _a3rd ed.
260 _aOxford
_bButterworth Architecture
_c1993
300 _axiii,193p. : ill. ; 30cm.
350 _a25
650 _aFENCES
650 _aLANDSCAPE DESIGN
650 _aBUILT ENVIRONMENT-BUILDING ELEMENTS-COMPLETE BUILDING ELEMENTS-WALLS
690 _aBUILT ENVIRONMENT-CONSTRUCTION DESIGN
942 _n0
948 _c04/03/1997
999 _c86778
_d86778